Catálogo público

Facilitles Planning / (Record no. 173538)

MARC details
000 -CABECERA
campo de control de longitud fija 00628nam a2200229Ia 4500
001 - NÚMERO DE CONTROL
campo de control dia_3033
003 - IDENTIFICADOR DEL NÚMERO DE CONTROL
campo de control CHAP
005 - FECHA Y HORA DE LA ÚLTIMA TRANSACCIÓN
campo de control 20230314114958.0
008 - DATOS DE LONGITUD FIJA--INFORMACIÓN GENERAL
campo de control de longitud fija 220117s1996 xx 000 0 und d
010 ## - NÚMERO DE CONTROL DE LA BIBLIOTECA DEL CONGRESO
Número de control de LC 173538
040 ## - FUENTE DE LA CATALOGACIÓN
Centro/agencia transcriptor CHAP
082 ## - NÚMERO DE LA CLASIFICACIÓN DECIMAL DEWEY
Número de clasificación 725.4 T6
100 ## - ENTRADA PRINCIPAL--NOMBRE DE PERSONA
Nombre de persona Tompkins, James A.
9 (RLIN) 153928
245 ## - MENCIÓN DE TÍTULO
Título Facilitles Planning /
Mención de responsabilidad, etc. by James A. Tompkins
260 ## - PUBLICACIÓN, DISTRIBUCIÓN, ETC.
Lugar de publicación, distribución, etc. New york, John Wiley & Sons
Fecha de publicación, distribución, etc. 1996
300 ## - DESCRIPCIÓN FÍSICA
Extensión 734 p.
650 ## - PUNTO DE ACCESO ADICIONAL DE MATERIA--TÉRMINO DE MATERIA
Término de materia o nombre geográfico como elemento de entrada Fabrica
Subdivisión general diseño y construcción
9 (RLIN) 153929
901 ## - ELEMENTOS DE DATOS A LOCAL LDA (RLIN)
a 725.4 T6
902 ## - ELEMENTOS DE DATOS B LOCAL, LDB (RLIN)
a M
905 ## - ELEMENTOS DE DATOS E LOCAL, LDE (RLIN)
a 0000001996 NEWA 0000000000ING00
942 ## - ELEMENTOS DE PUNTO DE ACCESO ADICIONAL (KOHA)
Tipo de ítem Koha Libro
Fuente del sistema de clasificación o colocación Dewey Decimal Classification
Holdings
Estado de retiro Estado de pérdida Fuente del sistema de clasificación o colocación Estado dañado Restricciones de uso No para préstamo Código de colección Localización permanente Ubicación/localización actual Fecha de adquisición Fuente de adquisición Coste, precio normal de compra Número de inventario Total de préstamos Signatura topográfica completa Código de barras Fecha visto por última vez Número de copia Tipo de ítem Koha
    Dewey Decimal Classification   Préstamo interno   General Ingenieria Agroindustrial Ingenieria Agroindustrial 06/12/1997 Compra Librería American Book Store F. 45331 / R. 40152 (09/12/1997) 680.00 191622   725.4 T6 dia_4457 18/01/2022 1 Libro